Colors in Europe Quiz: Pro - Statistics

General Stats
  • This quiz has been taken 451 times
    407 since last reset
  • The average score is 38 of 80
Answer Stats
Color Language Word % Correct
Blue Swedish Blå
97%
White French Blanc
90%
Orange French Orange
87%
Orange German Orange
87%
Orange Swedish Orange
87%
Black Spanish Negro
86%
Brown French Marron
83%
Black French Noir
82%
Pink Spanish Rosa
82%
Pink German Rosa
82%
Pink Italian Rosa
82%
Pink Portuguese Rosa
82%
Pink Swedish Rosa
82%
Blue French Bleu
81%
Gray Spanish Gris
81%
Gray French Gris
81%
Green Spanish Verde
80%
Green Italian Verde
80%
Green Portuguese Verde
80%
White Spanish Blanco
78%
Red French Rouge
77%
Pink French Rose
76%
Pink Dutch Rose/Roze
76%
Blue Spanish Azul
75%
Blue Portuguese Azul
75%
Red Spanish Rojo
73%
Green French Vert
72%
Orange Spanish Naranja
69%
Blue German Blau
68%
Brown Spanish Marrón
68%
Yellow Spanish Amarillo
66%
Gray Swedish Grå
65%
Black German Schwarz
65%
Red German Rot
64%
White German Weiß
64%
Yellow French Jaune
62%
Brown German Braun
61%
Green German Grün
61%
Blue Italian Blu
58%
Yellow German Gelb
54%
Brown Swedish Brun
53%
Gray German Grau
52%
White Italian Bianco
49%
Black Italian Nero
46%
Red Italian Rosso
41%
Red Swedish Röd
30%
Gray Italian Grigio
27%
Brown Italian Marrone
26%
Orange Dutch Oranje
26%
Green Swedish Grön
24%
White Dutch Wit
23%
Yellow Italian Giallo
22%
Green Dutch Groen
21%
Black Swedish Svart
21%
Black Dutch Zwart
20%
Red Dutch Rood
19%
White Swedish Vit
19%
Blue Dutch Blauw
18%
Brown Dutch Bruin
17%
Yellow Dutch Geel
17%
Yellow Swedish Gul
17%
Orange Italian Arancione
16%
Gray Dutch Grijs
14%
White Portuguese Branco
13%
Gray Portuguese Pardo
13%
Black Portuguese Preto
12%
Yellow Portuguese Amarelo
11%
Brown Portuguese Marrom
11%
Red Portuguese Vermelho
11%
Black Polish Czarny
10%
Green Polish Zielony
10%
White Polish Biały
9%
Red Polish Czerwony
9%
Orange Portuguese Laranja
9%
Blue Polish Niebieski
9%
Pink Polish Różowy
9%
Brown Polish Brązowy
8%
Orange Polish Pomarańczowy
8%
Gray Polish Szary
8%
Yellow Polish żółty
8%
No matching quizzes found
Score Distribution
Percent of People with Each Score
Percentile by Number Answered
Your Score History
You have not taken this quiz since the last reset